First Six Words: Christmas Carols Quiz Stats

 Plays Quiz Updated Dec 10, 2018

Support Sporcle.
Go Orange.
Score 0/12 Timer 03:00
4 Plays Today
% Correct
Deck
94.2%
Silent
93%
Hark
90.8%
Dashing
90.3%
Away
83.2%
O
80.7%
We
79.8%
On
75.1%
God
75%
Angels
70.6%
The
70.6%
What
63.5%

From the Vault

8-Letter Premier League Players

by Pilgab

Sports 2.5m
The number 8 is also a pretty premier number. Symmetrical on the vertical and horizontal axis.
Remove Ads.
Support Sporcle.
Get the best of Sporcle when you Go Orange. This ad-free experience offers more features, more stats, and more fun while also helping to support Sporcle. Thank you for becoming a member.

Show Comments

Extras

Top Quizzes Today


Score Distribution

Your Account Isn't Verified!

In order to create a playlist on Sporcle, you need to verify the email address you used during registration. Go to your Sporcle Settings to finish the process.

Report this User

Report this user for behavior that violates our Community Guidelines.

Details: